00422pab a2200133 454500008004000000100001700040245012500057260000900182300001500191362001200206650002500218650002800243773001700271180718b2012 xxu||||| |||| 00| 0 eng d aSarkar, R.M. aEnvironment consciousness of Rabindranath Tagore and the need for its meaningful dissemination to the present generation c2012 ap.373-385. aJul-Dec aTagore, Rabindranath aEnvironmental awareness aMan in India